WELDING HANDBOOK METALS AND THIER WELDABILITY (Record no. 581439)

000 -LEADER
fixed length control field 00284nam a22001217a 4500
082 ## - DEWEY DECIMAL CLASSIFICATION NUMBER
Classification number 671.52 WEL'G
100 ## - MAIN ENTRY--PERSONAL NAME
Personal name GRIFFING, L
9 (RLIN) 76038
245 ## - TITLE STATEMENT
Title WELDING HANDBOOK METALS AND THIER WELDABILITY
250 ## - EDITION STATEMENT
Edition statement 6TH
260 ## - PUBLICATION, DISTRIBUTION, ETC.
Place of publication, distribution, etc. LONDON
Name of publisher, distributor, etc. MACMILLAN
Date of publication, distribution, etc. 1972
300 ## - PHYSICAL DESCRIPTION
Extent 74-21
942 ## - ADDED ENTRY ELEMENTS (KOHA)
Koha item type Book
Holdings
Withdrawn status Lost status Damaged status Not for loan Permanent Location Current Location Shelving location Date acquired Total Checkouts Full call number Barcode Date last seen Price effective from Koha item type
        College of Electrical & Mechanical Engineering (CEME) College of Electrical & Mechanical Engineering (CEME) General Stacks 05/25/2017   671.52 WEL'G CEME-11672 06/28/2021 06/28/2021 Book
© 2023 Central Library, National University of Sciences and Technology. All Rights Reserved.